000 01126cad a2200289 4500
001 L158620
008 100215n2013 000 0 eng u
020 _a9781783210305
035 _a(Sirsi) u158620
041 _aeng
100 2 _aGajendran, Thayaparan
111 2 _aConstruction and Building Research Conference
_cIIT Delhi, New Delhi
_d10-12 September 2013
245 0 3 _aAn evaluation of philosophical disposition and operational reality of alliances
_bThe risk-trust perspective
_h[electronic resource]
260 _aLondon
_bRICS
_c2013
490 0 _aCOBRA
_v2013
520 _aA paper presented at the COBRA Conference in New Delhi on 10-12 September 2013. Aims to identify the factors contributing to the divergence in the Alliance project procurement theory and its practice.
650 2 4 _aCOLLABORATION
650 2 4 _aALLIANCE
650 2 4 _aKEY PERFORMANCE INDICATORS
650 2 4 _aCONSTRUCTION AND BUILDING RESEARCH CONFERENCE (COBRA)
651 4 _aAustralia
690 _aProcurement
_96260
700 1 _aBrewer, Graham
700 1 _aJefferies, Marcus
700 1 _aStrahorn, Scott
942 _n0
999 _c115421
_d115421